[Event "EIWCC 2017"]
[Site "Riga"]
[Date "2017.04.14"]
[Round "4"]
[White "Tsiganova, Monika"]
[Black "Daulyte, Deimante"]
[Result "0-1"]
[WhiteElo "2111"]
[BlackElo "2443"]
[Annotator "TA"]
[PlyCount "82"]
[EventDate "2017.??.??"]
[EventType "swiss"]
[EventCountry "LAT"]
[SourceTitle "playchess.com"]
[Source "ChessBase"]
[SourceQuality "1"]

{[%evp 20,82,0,-9,0,0,0,-2,-6,-6,-2,-15,0,12,0,-43,-39,-48,-43,-44,-50,-53,-45,-70,-89,-137,-123,-150,-150,-150,-123,-191,-174,-196,-181,-185,-180,-270,-258,-267,-264,-280,-278,-283,-271,-273,-269,-256,-223,-414,-403,-379,-372,-364,-257,-473,-456,-2683,-631,-764,-735,-29980,-29980,-29980,-29981]} 1. d4 Nf6 2. c4 e6 3. Nf3 d5 4. e3 b6 5. Bd3 Bd6 6. O-O O-O 7. Nbd2 Bb7 {E14: Queen's Indian: Classical Variation (4 e3)} 8. Ne5 (8. b3 Nbd7 9. Bb2 Ne4 10. Ne5 Nxd2 11. Qxd2 Nxe5 12. dxe5 Bc5 13. Qe2 dxc4 14. Bxc4 Qg5 15. e4 Rad8 16. Rad1 Qf4 17. Bd3 Bd4 18. Bc1 Qxe5 19. Kh1 {0-1 (41) Kogan,A (2540)-Kovalenko,I (2700) Bastia 2015}) 8... c5 9. b3 $146 (9. f4 Nc6 10. cxd5 exd5 11. Ndf3 Ne4 12. Nxc6 Bxc6 13. Ne5 Bb7 14. b3 {1-0 (25) Colle,E-Thomas,G Karlsbad 1929}) 9... Nc6 {[%cal Bb8c6,Bc6e7,Be7f5][%mdl 32]} 10. Bb2 cxd4 11. exd4 {LiveBook: 4 Games} Ne7 12. Ndf3 Nf5 13. Ng5 Ne4 14. Bxe4 {Threatens to win with Qh5.} Qxg5 15. cxd5 Bxd5 16. Bxd5 exd5 17. Qc1 (17. f4 $5 {with more complications.} Qe7 18. Qf3 Rac8 19. Rae1 Rc2 20. Nc4) 17... Qxc1 18. Raxc1 f6 $36 {[%mdl 2048] White is under pressure.} 19. Nf3 Bf4 20. Rb1 g5 {[%cal Bg7g5,Bg5g4][%mdl 32]} 21. Ba3 Rfe8 22. g3 {[#]} g4 $1 23. Nh4 Nxh4 24. gxh4 Re2 25. Bb2 (25. Bc1 $17 {was called for.} Bd6 26. Rb2) 25... Rae8 26. a4 Kg7 27. Bc1 Bd6 28. Be3 {[#]} (28. Ra1 {was worth a try.}) 28... Bxh2+ $1 $19 {[%mdl 512]} 29. Kxh2 {Black must now prevent Kg3.} R8xe3 {[%mdl 4096] Endgame KRR-KRR} 30. Kg1 Rf3 31. Rbc1 Rxb3 32. Rc7+ Kg6 33. Rxa7 Rd2 34. h5+ $2 (34. Rb7) 34... Kxh5 35. Rxh7+ Kg5 36. Rb7 Rb4 37. Rc1 $2 (37. f3) 37... Rdxd4 ({Much less strong is} 37... Rbxd4 38. Rc6 f5 39. Rg7+ Kf4 40. Rf7 $19) ({Don't do} 37... Rxa4 38. Rxb6 f5 39. Rb5 $19) 38. Rc6 (38. Ra7 $142) 38... f5 (38... Rd1+ $142 39. Kh2 Rbb1 40. Rg7+ Kf5 41. Rxf6+ Kxf6) 39. Rg7+ Kf4 40. Kf1 Rb1+ 41. Ke2 Rb2+ 0-1

[Event "EIWCC 2017"]
[Site "Riga"]
[Date "2017.04.14"]
[Round "4"]
[White "Hapala, Elisabeth"]
[Black "Worek, Joanna"]
[Result "1-0"]
[WhiteElo "2091"]
[BlackElo "2330"]
[Annotator "NA"]
[PlyCount "104"]
[EventDate "2017.??.??"]
[EventType "swiss"]
[EventCountry "LAT"]
[SourceTitle "playchess.com"]
[Source "ChessBase"]
[SourceQuality "1"]
[TimeControl "40/5400+30:1800+30"]

1. e4 {[%emt 0:00:00]} c5 {[%emt 0:00:05]} 2. Nf3 {[%emt 0:00:00]} d6 {[%emt 0:00:05]} 3. d4 {[%emt 0:00:00]} cxd4 {[%emt 0:00:04]} 4. Nxd4 {[%emt 0:00:00]} Nf6 {[%emt 0:00:05]} 5. Nc3 {[%emt 0:00:00]} a6 {[%emt 0:00:03]} 6. Be3 {[%emt 0:00:00]} e5 {[%emt 0:00:06]} 7. Nb3 {[%emt 0:00:00]} Be6 {[%emt 0:00:18]} 8. f3 {[%emt 0:00:06]} Be7 {[%emt 0:00:05]} 9. Qd2 {[%emt 0:00:22]} O-O {[%emt 0:00:06]} 10. O-O-O {[%emt 0:00:16]} a5 {[%emt 0:00:10]} 11. a4 {[%emt 0:00:28]} Na6 {[%emt 0:00:05]} 12. g4 {[%emt 0:00:16]} Nb4 {[%emt 0:00:16]} 13. Kb1 {[%emt 0:00:19]} Rc8 {[%emt 0:00:15]} 14. g5 {[%emt 0:00:31]} Nh5 {[%emt 0:00:06]} 15. Rg1 {[%emt 0:00:20]} Kh8 {[%emt 0:00:07]} 16. Bb5 {[%emt 0:03:22]} Qc7 {[%emt 0:01:18]} 17. Qf2 {[%emt 0:06:27]} Nf4 {[%emt 0:17:54]} 18. Bb6 {[%emt 0:30:09]} Qb8 {[%emt 0:00:13]} 19. Qd2 {[%emt 0:06:49]} d5 {[%emt 0:15:51]} 20. exd5 {[%emt 0:10:03]} Nfxd5 {[%emt 0:12:47]} 21. Nxd5 {[%emt 0:01:00]} Bxd5 {[%emt 0:00:40]} 22. Bxa5 {[%emt 0:04:49]} Bxf3 {[%emt 0:10:55]} 23. Bxb4 {[%emt 0:08:58]} Rfd8 {[%emt 0:00:08]} 24. Bxe7 {[%emt 0:00:35]} Rxd2 {[%emt 0:02:40]} 25. Rxd2 {[%emt 0:00:06]} e4 {[%emt 0:00:39]} 26. Bd6 {[%emt 0:04:42]} Qa7 {[%emt 0:04:14]} 27. Bc5 {[%emt 0:00:31]} Qb8 {[%emt 0:08:42]} 28. Bd6 {[%emt 0:05:23]} Qa7 {[%emt 0:00:05]} 29. Bc5 {[%emt 0:00:04]} Qb8 {[%emt 0:02:16]} 30. Be3 {[%emt 0:00:26]} Qe5 {[%emt 0:01:56]} 31. Nd4 {[%emt 0:00:34]} Bh5 {[%emt 0:00:08]} 32. Rf1 {[%emt 0:02:45]} Bg6 {[%emt 0:03:27]} 33. Rfd1 {[%emt 0:00:20]} Rf8 {[%emt 0:01:39]} 34. Nb3 {[%emt 0:02:30]} Rg8 {[%emt 0:07:55]} 35. Rd8 {[%emt 0:01:52]} h6 {[%emt 0:00:33]} 36. gxh6 {[%emt 0:00:51]} Qxh2 {[%emt 0:01:20]} 37. hxg7+ {[%emt 0:02:57]} Kh7 {[%emt 0:03:01]} 38. R8d2 {[%emt 0:02:00]} Qh3 {[%emt 0:00:02]} 39. Bf4 {[%emt 0:04:15]} Kxg7 {[%emt 0:04:26]} 40. Be5+ {[%emt 0:00:00]} f6 {[%emt 0:00:06]} 41. Rd7+ {[%emt 0:03:44]} Kh6 {[%emt 0:01:53]} 42. Bf4+ {[%emt 0:02:02]} Kh5 {[%emt 0:00:40]} 43. Be2+ {[%emt 0:10:19]} Kh4 {[%emt 0:00:06]} 44. R7d2 {[%emt 0:01:12]} e3 {[%emt 0:06:35]} 45. Rd4 {[%emt 0:05:21]} Re8 {[%emt 0:00:20]} 46. Be5+ {[%emt 0:02:13]} Kg5 {[%emt 0:01:42]} 47. Rg1+ {[%emt 0:00:27]} Kh6 {[%emt 0:00:09]} 48. Bg4 {[%emt 0:08:08]} fxe5 {[%emt 0:01:48]} 49. Bxh3 {[%emt 0:00:10]} exd4 {[%emt 0:00:03]} 50. Nxd4 {[%emt 0:01:24]} e2 {[%emt 0:02:15]} 51. Re1 {[%emt 0:00:23]} Re4 {[%emt 0:00:10]} 52. Nxe2 {[%emt 0:01:27]} Rf4 1-0

[Event "EIWCC 2017"]
[Site "Riga"]
[Date "2017.04.14"]
[Round "4"]
[White "Beydullayeva, Govhar"]
[Black "Ozturk, Kubra"]
[Result "0-1"]
[WhiteElo "2054"]
[BlackElo "2261"]
[Annotator "NA"]
[PlyCount "54"]
[EventDate "2017.??.??"]
[EventType "swiss"]
[EventCountry "LAT"]
[SourceTitle "playchess.com"]
[Source "ChessBase"]
[SourceQuality "1"]
[TimeControl "40/5400+30:1800+30"]

1. c4 {[%emt 0:00:00]} Nf6 {[%emt 0:00:20]} 2. Nc3 {[%emt 0:00:00]} e5 {[%emt 0:08:57]} 3. g3 {[%emt 0:00:00]} d5 {[%emt 0:00:12]} 4. cxd5 {[%emt 0:00:00]} Nxd5 {[%emt 0:00:02]} 5. Bg2 {[%emt 0:00:21]} Nb6 {[%emt 0:00:04]} 6. d3 {[%emt 0:00:05]} Be7 {[%emt 0:00:50]} 7. Be3 {[%emt 0:00:11]} O-O {[%emt 0:00:52]} 8. Rc1 {[%emt 0:00:35]} f5 {[%emt 0:17:16]} 9. Nf3 {[%emt 0:02:05]} Nc6 {[%emt 0:02:41]} 10. O-O {[%emt 0:01:43]} Bf6 {[%emt 0:02:54]} 11. Bc5 {[%emt 0:17:37]} Re8 {[%emt 0:01:52]} 12. b4 {[%emt 0:01:04]} Be6 {[%emt 0:02:39]} 13. Nd2 {[%emt 0:04:47]} Nd5 {[%emt 0:11:56]} 14. Nxd5 {[%emt 0:11:40]} Bxd5 {[%emt 0:00:06]} 15. Bxd5+ {[%emt 0:09:14]} Qxd5 {[%emt 0:00:03]} 16. Qb3 {[%emt 0:01:49]} Qxb3 {[%emt 0:04:42]} 17. Nxb3 {[%emt 0:00:38]} b6 {[%emt 0:04:50]} 18. Bxb6 {[%emt 0:10:07]} axb6 {[%emt 0:00:48]} 19. Rxc6 {[%emt 0:00:03]} Rxa2 {[%emt 0:00:09]} 20. Rb1 {[%emt 0:07:03]} Rxe2 {[%emt 0:03:36]} 21. Rxc7 {[%emt 0:03:56]} e4 {[%emt 0:02:25]} 22. d4 {[%emt 0:07:12]} e3 {[%emt 0:02:41]} 23. fxe3 {[%emt 0:00:38]} R2xe3 {[%emt 0:01:26]} 24. Rc6 {[%emt 0:03:52]} Rd3 {[%emt 0:01:14]} 25. d5 {[%emt 0:08:51]} Ree3 {[%emt 0:03:29]} 26. Nc1 {[%emt 0:01:36]} Rxd5 {[%emt 0:01:09]} 27. Rxb6 {[%emt 0:00:28]} Bd4 {[%emt 0:01:00]} 0-1

[Event "EIWCC 2017"]
[Site "Riga"]
[Date "2017.04.15"]
[Round "5"]
[White "Muzychuk, Anna"]
[Black "Pustovoitova, Daria"]
[Result "1/2-1/2"]
[WhiteElo "2587"]
[BlackElo "2411"]
[Annotator "TA"]
[PlyCount "103"]
[EventDate "2017.??.??"]
[EventType "swiss"]
[EventCountry "LAT"]
[SourceTitle "playchess.com"]
[Source "ChessBase"]
[SourceQuality "1"]

{[%evp 10,103,14,-8,13,10,39,28,43,24,23,26,16,10,4,6,32,35,37,21,20,16,31,29,47,34,38,37,37,32,43,41,47,26,39,0,32,19,30,6,33,56,53,10,10,10,10,0,0,0,0,0,0,0,0,0,3,0,0,0,0,0,0,0,0,0,0,0,0,0,0,0,0,0,0,0,0,0,0,0,0,0,0,0,0,0,0,0,0,0,0,0,0,0,0,0]} 1. e4 c5 2. Nf3 d6 3. Bb5+ Nd7 4. O-O a6 5. Bxd7+ Bxd7 6. c3 {[%cal Bc2c3,Bc3d4,Bd4d5][%mdl 32] LiveBook: 32 Games} Bg4 {B51: Sicilian: Moscow Variation (3 Bb5+) without 3...Bd7} (6... Nf6 7. Re1 e6 8. d4 cxd4 9. cxd4 d5 10. e5 Ne4 11. Nbd2 Nxd2 12. Bxd2 Qb6 13. h4 h6 14. h5 {0-1 (40) Kislinsky,A (2482)-Volokitin,A (2640) Lvov 2016}) 7. d4 cxd4 8. cxd4 Nf6 {White has an edge.} 9. Nc3 e6 10. d5 $146 (10. Qe2 Be7 11. Rd1 O-O 12. h3 Bh5 13. e5 Nd5 14. Nxd5 exd5 {1-0 (70) Lakos,N (2265)-Farago,S (2360) Hungary 1995}) 10... e5 11. h3 Bh5 12. Qd3 Bxf3 13. Qxf3 Be7 14. Qg3 O-O 15. Bh6 {[%csl Gh6][%cal Rg3g7] [#]} Ne8 $1 ({But not} 15... Nh5 16. Qg4 $16) 16. Rac1 Kh8 17. Be3 Nf6 {[%cal Be8f6,Bf6g8,Bg8e7][%mdl 32]} 18. Rc2 Qd7 19. Rfc1 Rfc8 20. f3 Bd8 21. Qf2 Ng8 22. Bb6 Ne7 23. b3 Kg8 24. a4 {[%cal Ba2a4,Ba4a5][%mdl 32]} Bxb6 25. Qxb6 Qc7 26. a5 {[#] Hoping for Na4.} Qxb6+ {The position is equal.} 27. axb6 Kf8 28. Na4 Rxc2 29. Rxc2 $11 {[%mdl 4096] Endgame White wants to play Rc7. KRN-KRN} Rc8 $1 {[%cal Rc8c2]} 30. Rc4 Ke8 31. Kf2 Kd7 32. Nb2 f5 33. g3 fxe4 34. fxe4 Ng8 35. Ke3 Nf6 36. Kf3 Rxc4 37. Nxc4 {KN-KN} g6 38. g4 h6 39. h4 Nh7 40. Ne3 Nf6 41. g5 hxg5 42. hxg5 Nh7 43. Kg4 Ke7 44. Nc4 Kd7 45. b4 Nf8 46. Kh4 Nh7 47. Kg4 Nf8 48. Kg3 Nh7 49. Kh4 Nf8 50. Kg4 Nh7 51. Ne3 Ke7 52. Nc4 1/2-1/2

[Event "EIWCC 2017"]
[Site "Riga"]
[Date "2017.04.15"]
[Round "5"]
[White "Lagno, Kateryna"]
[Black "Charochkina, Daria"]
[Result "1-0"]
[WhiteElo "2543"]
[BlackElo "2381"]
[Annotator "TA"]
[PlyCount "95"]
[EventDate "2017.??.??"]
[EventType "swiss"]
[EventCountry "LAT"]
[SourceTitle "playchess.com"]
[Source "ChessBase"]
[SourceQuality "1"]

{[%evp 8,95,31,33,32,25,27,35,39,20,25,32,35,36,34,42,52,43,62,65,70,58,80,62,73,60,74,58,72,75,79,69,51,27,45,3,9,-10,0,-73,89,76,104,83,125,115,120,127,126,135,151,141,254,227,230,236,305,299,366,277,373,376,426,426,443,450,437,419,535,529,565,563,554,544,528,520,577,579,740,728,29975,29971,29967,29968,29977,29978,29986,29987,29987,29988]} 1. e4 c6 2. Nc3 d5 3. Nf3 Nf6 4. e5 Ne4 5. Ne2 Qb6 {[%csl Ge4][%cal Rb6f2] B11: Caro-Kann: Two Knights Variation} 6. d4 e6 7. Nfg1 (7. Ng3 c5 8. Bd3 Nc6 9. Nxe4 dxe4 10. Bxe4 cxd4 11. O-O Bd7 12. a3 h6 13. Re1 {1-0 (71) Short,N (2675)-Caruana,F (2827) Caleta 2017}) 7... f6 {White is slightly better.} 8. f3 $1 {[%cal Rf3e4,Bf2f3,Bf3f4,Bf4f5][%mdl 32]} Ng5 9. exf6 gxf6 10. f4 Nf7 11. Nf3 Be7 12. c3 Nd7 13. Ng3 Nf8 $146 14. f5 e5 15. Be2 Bd7 16. O-O O-O-O 17. Qb3 Rg8 18. Qxb6 axb6 19. a4 Be8 20. Be3 {Strongly threatening dxe5.} Nd7 21. b4 Nd6 22. Nd2 Bf7 23. Nh5 (23. a5 $11) 23... Ne4 $2 (23... Rde8 $17) 24. Nxe4 $16 dxe4 25. a5 {[%cal Ba4a5,Ba5a6][%mdl 32]} b5 26. a6 b6 27. dxe5 Nxe5 28. Bxb6 Rd2 {Hoping for ...Bxh5.} 29. Ng3 Nc4 (29... Kb8 $16 {keeps fighting.}) 30. Bxc4 $18 Bxc4 31. Rf2 Rxf2 32. Kxf2 ({Don't play} 32. Bxf2 $6 Bd5 33. Ba7 Rg4 $18) 32... Bd5 33. Re1 Re8 34. Bd4 ({Not} 34. Nxe4 Bxe4 35. Rxe4 Bc5+ 36. Bxc5 Rxe4 $16) 34... Bd8 35. Nh5 Rf8 36. g4 Kb8 37. h3 Rf7 38. Ng3 Re7 39. Bxf6 Bb6+ 40. Bd4 Bc7 41. f6 Re8 {[#]} 42. Nxe4 $1 {[%mdl 512]} Bf4 (42... Bxe4 43. f7) 43. Nc5 Bg3+ 44. Kxg3 {White mates.} Rxe1 {[#]} 45. a7+ $1 Ka8 (45... Kxa7 46. Ne6+) 46. Na6 Kb7 {[#]} 47. Nc7 $1 {[%mdl 512]} Ra1 (47... Kxc7 48. a8=Q) 48. Nxd5 1-0

[Event "EIWCC 2017"]
[Site "Riga"]
[Date "2017.04.15"]
[Round "5"]
[White "Stefanova, Antoaneta"]
[Black "Kazarian, Anna-Maja"]
[Result "1-0"]
[WhiteElo "2527"]
[BlackElo "2257"]
[Annotator "TA"]
[PlyCount "73"]
[EventDate "2017.??.??"]
[EventType "swiss"]
[EventCountry "LAT"]
[SourceTitle "playchess.com"]
[Source "ChessBase"]
[SourceQuality "1"]

{[%evp 12,73,25,-18,2,2,-4,-3,7,-136,-144,-170,-67,-66,-66,-42,0,0,0,0,105,78,392,410,415,413,393,379,413,391,472,469,467,440,515,497,516,519,512,507,564,562,563,535,619,631,700,500,618,581,568,515,716,680,1002,967,1602,1564,2189,2141,29991,29992,29994,29995]} 1. Nf3 d5 2. b3 Nf6 3. Bb2 Nbd7 4. c4 e6 5. e3 c6 6. Qc2 {A06: Réti Opening:1 Nf3 d5} (6. Be2 Bd6 7. Nc3 O-O 8. Qc2 dxc4 9. bxc4 e5 10. O-O Re8 11. d3 Nc5 12. d4 exd4 13. exd4 Ne6 14. Rfe1 Bd7 15. Bf1 Qa5 16. c5 {1-0 (74) Socko,B (2631)-Khairullin,I (2632) Khanty-Mansiysk 2012}) 6... Bd6 7. g4 {LiveBook: 4 Games} O-O 8. g5 {The position is equal.} Ne4 9. h4 f6 $146 (9... e5 10. d3 Qa5+ 11. Ke2 Nec5 12. Nbd2 Re8 13. Bg2 d4 {0-1 (32) Garcia Palermo,C (2490)-Sarmiento Alfonso,B (2255) Santa Cruz de Tenerife 1995}) 10. gxf6 (10. d3 $11 fxg5 11. dxe4 Rxf3 12. hxg5) 10... Ndxf6 $17 (10... Rxf6 11. Ng5 $11) 11. Rg1 {[#]} Nxf2 ({Black should play} 11... e5 $1 $19 {[%mdl 512]} 12. cxd5 (12. Bxe5 Ng4) 12... cxd5) 12. Kxf2 $15 {Threatens to win with Ke1.} e5 (12... Ne4+ $2 13. Qxe4 $1 {[%mdl 512]} dxe4 14. Rxg7+ Kh8 15. Rd7+ Kg8 16. Rxd8 Rxd8 17. Ng5 $18) 13. Ke1 $1 (13. cxd5 $2 Ng4+ 14. Ke1 Rxf3 15. dxc6 {[#]} Rxe3+ $1 {[%mdl 512]} 16. dxe3 Qxh4+ 17. Kd2 Qf2+ 18. Kc1 Qxg1 $19) 13... Ne4 14. cxd5 cxd5 15. Qd3 $1 {[%cal Rd3d5]} Be6 {[#]} (15... Be7 $1 $11 {keeps the balance.} 16. Ng5 (16. Bxe5 Rxf3 17. Rxg7+ Kf8 $17) 16... Bf5) 16. Bh3 $1 {[%mdl 512]} Rxf3 $4 {[%mdl 8192]} (16... Bxh3 $16 {is a better chance.} 17. Qxd5+ Rf7) 17. Bxe6+ $18 Kh8 18. Qxd5 Qxh4+ 19. Kd1 {[%cal Be1d1,Bd1c2,Bc2b2][%mdl 32]} Rd8 20. Qxb7 {[%csl Gg1][%cal Rb7g7]} ({Don't take} 20. Kc2 Rf2 21. Qxb7 Qf6 22. Qxe4 Qxe6) 20... Ng5 21. Bd5 Rf2 22. Bc3 ({Weaker is} 22. Qxa7 Bf8 $18) 22... Qh5+ 23. Kc2 Qg6+ 24. Kb2 h6 25. a4 Rb8 26. Qc6 Rf6 {If Black can now play ...Ba3+ this consolidates a bit.} 27. Qc4 Qf5 28. Na3 Rc8 29. Qe2 Bxa3+ 30. Rxa3 e4 31. Bc4 Rb6 32. a5 {[%cal Ba4a5,Ba5a6][%mdl 32]} Rbb8 33. a6 Qc5 34. Ka2 Rc7 35. Ra5 Qe7 36. Raxg5 Rxc4 37. Qxc4 1-0

[Event "EIWCC 2017"]
[Site "Riga"]
[Date "2017.04.15"]
[Round "5"]
[White "Pogonina, Natalija"]
[Black "Fataliyeva, Ulviyya"]
[Result "1/2-1/2"]
[WhiteElo "2478"]
[BlackElo "2287"]
[Annotator "TA"]
[PlyCount "87"]
[EventDate "2017.??.??"]
[EventType "swiss"]
[EventCountry "LAT"]
[SourceTitle "playchess.com"]
[Source "ChessBase"]
[SourceQuality "1"]

{[%evp 16,87,14,0,0,-30,-33,-35,-37,-39,-35,-41,-31,-40,-55,-35,-39,-38,-25,-48,-22,-33,-33,-33,-33,-33,-33,-33,-31,-39,-22,-33,0,0,-6,0,0,-20,-8,-20,-11,-7,-14,-16,0,0,0,-20,0,0,0,0,42,44,75,77,90,85,94,0,45,34,45,45,71,45,45,45,37,12,55,49,49,49]} 1. d4 e6 2. c4 Nf6 3. Nc3 Bb4 4. e3 c5 5. a3 Bxc3+ 6. bxc3 Nc6 7. Bd3 d6 8. Ne2 e5 9. d5 {LiveBook: 7 Games. E26: Nimzo-Indian: Sämisch: 5...c5 6 e3} (9. O-O O-O 10. Ng3 Nd7 11. f4 Nb6 12. fxe5 dxe5 13. d5 Na5 14. Qh5 g6 15. Qxe5 Naxc4 16. Bxc4 Nxc4 17. Qe4 b5 18. Qd3 {½-½ (101) Flores,D (2579)-Jobava,B (2702) Doha 2016}) 9... e4 10. Bb1 Ne5 11. Ng3 {Black is slightly better.} Qa5 12. Qb3 b6 13. Qb5+ Kd8 $146 (13... Qxb5 14. cxb5 a6 15. bxa6 Bxa6 16. Nxe4 Nxe4 17. Bxe4 {½-½ (25) Van Elst,A (2283)-Rodriguez Cespedes,A (2482) France 2003}) 14. Qxa5 bxa5 15. Nxe4 Nxe4 16. Bxe4 Re8 17. Bc2 ({Reject} 17. Bxh7 g6 18. O-O Nxc4 $19) 17... Nxc4 18. e4 ({Not} 18. Bxh7 $2 g6 19. a4 Kc7 $19) 18... f5 19. f3 fxe4 20. fxe4 Rf8 21. Rf1 Rxf1+ 22. Kxf1 Kc7 23. Kf2 Bg4 24. Bf4 Rb8 {Threatens to win with ...Rb2.} (24... Rf8 $5 25. Kg3 $8 Bd7 $11) 25. Ra2 Bh5 26. Kg3 Bg6 27. Kf3 Rf8 28. Kg3 Re8 29. Kf3 Rf8 30. Kg3 Re8 31. Kf3 Nb6 32. Rb2 Nd7 33. c4 Nf6 {[%cal Rg6e4]} 34. e5 Bh5+ 35. Kg3 dxe5 36. Bd2 Kd6 37. Bxa5 ({Better is} 37. Kf2 $16) 37... e4 38. Ba4 Re5 39. Rb7 {[#] Strongly threatening Bc7+.} Re7 40. Rxe7 Kxe7 41. Kf4 Be2 42. Ke5 {aiming for d6+.} Nd7+ 43. Kxe4 Bxc4 44. Bxd7 1/2-1/2

[Event "EIWCC 2017"]
[Site "Riga"]
[Date "2017.04.15"]
[Round "5"]
[White "Socko, Monika"]
[Black "Hoolt, Sarah"]
[Result "1/2-1/2"]
[WhiteElo "2462"]
[BlackElo "2398"]
[Annotator "TA"]
[PlyCount "121"]
[EventDate "2017.??.??"]
[EventType "swiss"]
[EventCountry "LAT"]
[SourceTitle "playchess.com"]
[Source "ChessBase"]
[SourceQuality "1"]

{[%evp 17,121,66,89,91,96,83,132,120,120,113,114,114,108,111,119,104,138,141,144,136,141,99,94,95,104,92,95,107,96,97,102,81,85,27,28,27,41,27,39,28,31,20,24,13,13,17,53,-12,48,46,90,86,87,86,86,86,97,77,95,58,100,77,77,77,90,84,84,90,104,97,106,90,93,90,98,53,124,124,124,124,124,124,124,84,84,84,114,43,114,43,114,84,84,84,84,84,84,15,15,15,15,15,15,15,15,15]} 1. d4 d6 2. Nf3 Nf6 3. c4 Nbd7 4. Nc3 e5 5. e4 g6 6. Be2 Bg7 7. O-O O-O 8. Be3 Re8 9. d5 Nc5 {[#]} 10. Nd2 $1 {E94: King's Indian: Classical: 6 Be2 e5 7 0-0: Various Black 7th moves} a5 11. a3 {[%cal Ba2a3,Ba3b4][%mdl 32]} Nfd7 {[#]} 12. b4 $1 {[%cal Rb4c5] White is clearly better.} axb4 13. axb4 Rxa1 14. Qxa1 Na6 15. Qa3 f5 16. f3 f4 17. Bf2 Bf8 18. Rc1 $146 g5 19. Nb5 c5 20. dxc6 bxc6 21. Na7 c5 22. b5 Nb4 23. Nxc8 Qxc8 24. Nb1 (24. Qa7 $5 {seems wilder.} Be7 25. Nb1 Bd8 26. Nc3 Bc7 27. Qa3) 24... Qa8 25. Be1 (25. Rc3 $16) 25... Qxa3 $11 26. Nxa3 Ra8 27. Ra1 Be7 28. Kf1 Bd8 29. Bc3 Nf8 30. Nb1 Rxa1 31. Bxa1 Nd7 32. Nc3 (32. Bd1 $14) 32... Nb6 ({Black should try} 32... Nc2 $1 $11 33. Bb2 Ne3+ 34. Kf2 Nb6) 33. Nd5 N4xd5 34. exd5 $14 {[%mdl 4096] Endgame KBB-KBN} Na4 35. Bd1 Nb6 36. Bb3 Kg7 37. Ke2 Kf6 38. Kd3 h6 39. Ke4 Nd7 40. Bc3 Kg6 41. Bc2 h5 42. Kd3 h4 43. Ke2+ Kf6 44. Kf2 Ke7 45. Bd3 Nf6 46. Bf5 Bb6 (46... Nh5 $14) 47. Ke2 $16 Kd8 48. Bd2 Kc7 49. Be1 Kb7 50. g3 hxg3 51. hxg3 Bd8 52. Kd3 (52. g4 $16) 52... Kb6 (52... Nh5 $1 $14) 53. Be6 (53. g4 $16) 53... Kb7 (53... Nh5 $14) 54. gxf4 gxf4 55. Bh4 Kc7 56. Bh3 Kb7 57. Bxf6 (57. Ke2 $16) 57... Bxf6 $11 {The position is equal.} 58. Ke4 Bd8 $1 59. Kf5 Ba5 60. Ke6 Kc7 61. Bf5 1/2-1/2

[Event "EIWCC 2017"]
[Site "Riga"]
[Date "2017.04.15"]
[Round "5"]
[White "Javakhishvili, Lela"]
[Black "Arabidze, Meri"]
[Result "1/2-1/2"]
[WhiteElo "2456"]
[BlackElo "2373"]
[Annotator "TA"]
[PlyCount "72"]
[EventDate "2017.??.??"]
[EventType "swiss"]
[EventCountry "LAT"]
[SourceTitle "playchess.com"]
[Source "ChessBase"]
[SourceQuality "1"]

{[%evp 8,72,12,2,0,0,18,-20,-22,-18,-23,-19,-22,-35,-34,-34,-32,-40,-3,-12,-12,-18,20,25,27,22,49,43,62,24,30,28,20,18,34,11,0,0,0,0,16,0,0,0,-7,0,-4,-29,-19,-22,-18,-44,-8,-8,-8,-8,-8,-8,-8,-8,-8,-11,-5,-7,-8,-6,-5]} 1. d4 d5 2. Bf4 Nc6 3. e3 Bf5 4. Nf3 e6 5. c3 Bd6 {D02: 1 d4 d5 2 Nf3 sidelines, including 2...Nf6 3 g3 and 2...Nf6 3 Bf4} 6. Bb5 (6. Bd3 Nge7 7. Bxf5 Nxf5 8. Nbd2 O-O 9. O-O Rc8 10. Bg3 Nce7 11. e4 Nxg3 12. hxg3 c5 13. exd5 Nxd5 14. dxc5 Bxc5 {½-½ (51) D'Amore,C (2441)-Iordachescu,V (2634) Saint Vincent 2004}) 6... Nge7 7. Ne5 O-O 8. Nd2 f6 9. Nxc6 $146 (9. Nef3 Bxf4 10. exf4 Qd6 11. g3 e5 12. fxe5 fxe5 13. dxe5 Nxe5 14. Nxe5 Qxe5+ {0-1 (58) Ulvestad,O-Adams,W South Fallsburg 1948}) 9... bxc6 10. Ba4 Bxf4 11. exf4 Qd6 12. Qf3 c5 13. dxc5 Qxc5 14. O-O Rfb8 15. b4 Qd6 16. Nb3 Ng6 17. g3 Be4 18. Qe3 e5 19. fxe5 Nxe5 20. f3 Bc2 21. Rf2 Bg6 22. Rd1 Be8 23. Bxe8 Rxe8 24. Qc5 (24. Re2 $5 {with more complications.} a5 25. Nxa5 Qa6 26. Ree1 Kf7 27. Qf4) 24... Qxc5 25. Nxc5 Nc4 26. h4 c6 27. a4 Re3 28. Rd3 Rae8 {...Rxd3 is the strong threat.} 29. b5 $1 Rxd3 30. Nxd3 {The position is equal.} cxb5 31. axb5 $15 {[%mdl 4096] Endgame KRN-KRN} Re3 32. Nb4 Rxc3 {[#] White must now prevent ...d4.} 33. Nxd5 Rb3 34. Ne7+ Kf8 {And now ...Rb1+ would win.} 35. Nc6 Rxb5 36. Nxa7 Rb1+ 1/2-1/2